LIBRARY & INFORMATION CENTRE, KCAET, TAVANUR

ONLINE PUBLIC ACCESS CATALOGUE (OPAC)

Sustainable ICTs and Management systems for Green Computing (Record no. 14447)

MARC details
000 -LEADER
fixed length control field 00371nam a22001337a 4500
020 ## - INTERNATIONAL STANDARD BOOK NUMBER
ISBN 9781466618398
082 ## - DEWEY DECIMAL CLASSIFICATION NUMBER
Classification number 621.3810286
Item number HU/SU
100 ## - MAIN ENTRY--AUTHOR NAME
Personal name Hu,Wen-Chen
100 ## - MAIN ENTRY--AUTHOR NAME
Personal name Kaabouch,Naima
245 ## - TITLE STATEMENT
Title Sustainable ICTs and Management systems for Green Computing
260 ## - PUBLICATION, DISTRIBUTION, ETC. (IMPRINT)
Place of publication Hershey
Name of publisher Information Science Reference (IGI)
Year of publication 2012
300 ## - PHYSICAL DESCRIPTION
Number of Pages 467
942 ## - ADDED ENTRY ELEMENTS (KOHA)
Koha item type Books
Holdings
Withdrawn status Lost status Damaged status Collection code Home library Current library Shelving location Date acquired Source of acquisition Cost, normal purchase price Full call number Accession Number Koha item type
        KAUAET KAUAET General Stacks 02/07/2016 Neoti Book Agency New Delhi 10206.00 621.3810286 HU/SU 23909 Books
free website counter